000 00318 a2200145 4500
001 155461
040 _cEscola São Tomás de Aquino
100 _aBEGHINI, Fabiana
240 1 0 _aObservando o céu
_lpor
245 1 0 _aObservando o céu
362 0 _a2015
440 1 _aMiguilim
697 _aCIÊNCIAS
942 _cBK
999 _c155461
_d155461